000 00388cam a22001217a 4500
008 180718b1972 xxu||||| |||| 00| 0 eng d
082 _aA81x54 In2/71/22/Pt4
100 _aCensus of India 1971
245 _aWest Bengal: housing report and tables
260 _aDelhi
_bThe Manager of Publications
_c1972
300 _a166+p.
440 _aCensus of India 1971. Series-22, West Bengal. Part IV
999 _c485839
_d485839